| 000 | 00542nam a2200193Ia 4500 | ||
|---|---|---|---|
| 003 | OSt | ||
| 005 | 20200207102416.0 | ||
| 008 | 190216s9999||||xx |||||||||||||| ||und|| | ||
| 020 | _a9788182711884 | ||
| 040 | _coclc | ||
| 082 |
_a297.63 _bGOU/M |
||
| 100 |
_aGouba, K L _91883 |
||
| 245 | 0 |
_aMarubhoomiyile Pravachakan / _cK L Gouba |
|
| 250 | _a5th ed. | ||
| 260 |
_bIslamic Publishing House, _c2006. _aKozhikode: |
||
| 300 | _a185p | ||
| 650 | _aIslamic History | ||
| 942 |
_cBK _2ddc _h297.63 _iGOU/M _k297.63 _mGOU/M |
||
| 999 |
_c22716 _d22716 |
||